Toán bản đồ
Enregistré dans:
| Auteur principal: | |
|---|---|
| Format: | Livre |
| Langue: | Undetermined |
| Publié: |
Tp. Hồ Chí Minh
Đại học Quốc gia
2004
|
| Sujets: | |
| Tags: |
Ajouter un tag
Pas de tags, Soyez le premier à ajouter un tag!
|
| Thư viện lưu trữ: | Trung tâm Học liệu Trường Đại học Cần Thơ |
|---|
| LEADER | 00558nam a2200193Ia 4500 | ||
|---|---|---|---|
| 001 | CTU_87536 | ||
| 008 | 210402s9999 xx 000 0 und d | ||
| 020 | |c 12500 | ||
| 082 | |a 526.3 | ||
| 082 | |b L451 | ||
| 100 | |a Trần, Tấn Lộc | ||
| 245 | 0 | |a Toán bản đồ | |
| 245 | 0 | |c Trần Tấn Lộc | |
| 260 | |a Tp. Hồ Chí Minh | ||
| 260 | |b Đại học Quốc gia | ||
| 260 | |c 2004 | ||
| 650 | |a Geodesy,Mathematical geography,Geodetic surveying | ||
| 904 | |i Năm | ||
| 980 | |a Trung tâm Học liệu Trường Đại học Cần Thơ | ||